Stations de Métro de Paris - Ligne 14 - Statistiques

Statistiques générales
  • Ce quiz a été pris 209 fois
  • Le résultat moyen est 7 sur 9
Statistiques - réponses
Stations ligne 14 % Correct
Châtelet
93%
Gare de Lyon
90%
Olympiades
89%
Berçy
88%
Saint-Lazare
86%
Madeleine
81%
Pyramides
79%
Bibliothèque François Mitterrand
71%
Cour Saint-Emilion
68%
Aucun quiz correspondant
Distribution des résultats
% des personnes avec chaque résultat
Percentile par nombre de réponses
Votre historique - résultats
Vous n’avez pas pris ce quiz